Atletas com maior salário em 2024 - Statistics

Estatísticas Gerais
  • Esse quiz foi jogado 114 vezes
  • A pontuação média é 6 de 10
Estatísticas das Respostas
Hint Resposta % Correto
US$ 260 milhões Cristiano Ronaldo
100%
US$ 135 milhões Lionel Messi
100%
US$ 108 milhões Neymar
94%
US$ 110 milhões Kylian Mbappé
81%
US$ 128,2 milhões LeBron James
73%
US$ 102 milhões Stephen Curry
57%
US$ 106 milhões Karim Benzema
40%
US$ 111 milhões Giannis Antetokounmpo
4%
US$ 218 milhões Jon Rahm
3%
US$ 100,5 milhões Lamar Jackson
3%
Nenhum quiz correspondente encontrado
Distribuição das Pontuações
Porcentagem de Pessoas com Cada Pontuação
Percentil de Números Respondidos
Sua Pontuação Histórica
Você não jogou esse quiz